|
|
|
|
| LEADER |
01621nam a2200373Ia 4500 |
| 001 |
EBC310738 |
| 003 |
MiAaPQ |
| 005 |
20200520144314.0 |
| 006 |
m o d | |
| 007 |
cr cn||||||||| |
| 008 |
051114s2006 mnu sb 001 0 eng d |
| 010 |
|
|
|z 2005032836
|
| 020 |
|
|
|z 0816648034 (hc : alk. paper)
|
| 020 |
|
|
|z 0816648042 (pb : alk. paper)
|
| 035 |
|
|
|a (MiAaPQ)EBC310738
|
| 035 |
|
|
|a (Au-PeEL)EBL310738
|
| 035 |
|
|
|a (CaPaEBR)ebr10151340
|
| 035 |
|
|
|a (OCoLC)191932378
|
| 040 |
|
|
|a MiAaPQ
|c MiAaPQ
|d MiAaPQ
|
| 050 |
|
4 |
|a HD87
|b .G52 2006
|
| 082 |
0 |
4 |
|a 338.9
|2 22
|
| 100 |
1 |
|
|a Gibson-Graham, J. K.
|
| 245 |
1 |
2 |
|a A postcapitalist politics
|h [electronic resource] /
|c J.K. Gibson-Graham.
|
| 260 |
|
|
|a Minneapolis ;
|a London :
|b University of Minnesota Press,
|c 2006.
|
| 300 |
|
|
|a xxxvii, 276 p.
|
| 504 |
|
|
|a Includes bibliographical references and index.
|
| 505 |
0 |
|
|a Affects and emotions for a postcapitalist politics -- Reluctant subjects : subjection and becoming -- Constructing a language of economic diversity -- The community economy -- Surplus possibilities : the intentional economy of Mondragon -- Cultivating subjects for a community economy -- Building community economies.
|
| 533 |
|
|
|a Electronic reproduction. Ann Arbor, MI : ProQuest, 2015. Available via World Wide Web. Access may be limited to ProQuest affiliated libraries.
|
| 650 |
|
0 |
|a Economic policy.
|
| 650 |
|
0 |
|a Capitalism.
|
| 650 |
|
0 |
|a Political science.
|
| 655 |
|
4 |
|a Electronic books.
|
| 710 |
2 |
|
|a ProQuest (Firm)
|
| 856 |
4 |
0 |
|u https://ebookcentral.proquest.com/lib/matrademy/detail.action?docID=310738
|z Click to View
|